000 00760cam a2200241 a 4500
001 15528298
005 20180124032110.0
008 081119s2009 nyu 001 0 eng
010 _a 2008050546
020 _a0071621385 (alk. paper)
020 _a9780071621380 (alk. paper)
035 _a(OCoLC)ocn244060539
040 _aDLC
_cDLC
_dBTCTA
_dBAKER
_dYDXCP
_dZQP
_dDLC
041 _aeng
080 _a650.14 Lee
082 0 0 _a650.14 Lee
_222
100 1 _a52
101 _aeco
245 1 0 _aGet more money on your next job-- in any economy /
_cby Lee E. Miller.
906 _a7
_bcbc
_corignew
_d1
_eecip
_f20
_gy-gencatlg
942 _2ddc
_cBK
999 _c40810
_d40810